[Event "FRA-ch U18"]
[Site "Nimes"]
[Date "2012.04.16"]
[Round "4"]
[White "Meley, Hector"]
[Black "Loiseau, Quentin"]
[Result "0-1"]
[WhiteElo "2054"]
[BlackElo "2273"]
[PlyCount "76"]
[EventDate "2012.04.14"]
[EventType "swiss"]
[EventRounds "9"]
[EventCountry "FRA"]
[SourceTitle "CBM 148 Extra"]
[Source "ChessBase"]
[SourceDate "2012.06.22"]
[SourceVersion "1"]
[SourceVersionDate "2012.06.22"]
[SourceQuality "1"]

1. d4 Nf6 2. c4 c5 3. d5 e6 4. Nc3 exd5 5. cxd5 d6 6. e4 g6 7. Be3 Bg7 8. f3 0-0 9. Qd2 Bd7 10. a4 Na6 11. Bd3 Nb4 12. Nge2 Nxd3+ 13. Qxd3 Qe7 14. 0-0 Rfe8 15. Bg5 h6 16. Bh4 g5 17. Bf2 Nh5 18. g4 Nf4 19. Nxf4 gxf4 20. Kg2 h5 21. h3 a6 22. Rfb1 Rac8 23. Ra3 Qf6 24. Ne2 b5 25. axb5 Bxb5 26. Qd2 Bh6 27. Nc3 Qg6 28. Ra5 Rb8 29. Nxb5 axb5 30. Qd3 c4 31. Qc2 Bg7 32. b3 c3 33. b4 Rec8 34. Rb3 Rc4 35. Be1 Be5 36. Kf1 hxg4 37. hxg4 Qh6 38. Kg2 Kg7 0-1

[Event "FRA-ch U18"]
[Site "Montlucon"]
[Date "2011.04.23"]
[Round "8"]
[White "Duboue, Peio"]
[Black "Meley, Hector"]
[Result "1-0"]
[WhiteElo "2094"]
[BlackElo "2008"]
[PlyCount "75"]
[EventDate "2011.04.17"]
[EventType "swiss"]
[EventRounds "9"]
[EventCountry "FRA"]
[SourceTitle "CBM 142 Extra"]
[Source "ChessBase"]
[SourceDate "2011.06.27"]
[SourceVersion "1"]
[SourceVersionDate "2011.06.27"]
[SourceQuality "1"]

1. e4 c5 2. Nf3 g6 3. d4 cxd4 4. Nxd4 Nc6 5. Nc3 Bg7 6. Be3 Nf6 7. f3 0-0 8. Qd2 d5 9. Nxc6 bxc6 10. Rd1 Rb8 11. b3 Qa5 12. exd5 Rd8 13. Bd3 cxd5 14. Na4 Qc7 15. 0-0 d4 16. Bf2 Nd5 17. Bc4 Bb7 18. Bxd4 Nf4 19. Qf2 Bxf3 20. Qxf3 Rxd4 21. Rxd4 Bxd4+ 22. Kh1 e5 23. c3 Bb6 24. g3 Ne6 25. Bxe6 fxe6 26. Nxb6 axb6 27. c4 Qd6 28. Qf7+ Kh8 29. Qf6+ Kg8 30. Re1 Qc6+ 31. Kg1 Rf8 32. Qxe5 Qf3 33. Qxe6+ Rf7 34. Qe2 Qc3 35. Qe8+ Rf8 36. Qe6+ Rf7 37. Rf1 Qd4+ 38. Kh1 1-0

[Event "FRA-ch U16"]
[Site "Troyes"]
[Date "2010.04.12"]
[Round "3"]
[White "Roubaud, Alexandre"]
[Black "Meley, Hector"]
[Result "1/2-1/2"]
[WhiteElo "2054"]
[BlackElo "1938"]
[PlyCount "73"]
[EventDate "2010.04.11"]
[EventType "swiss"]
[EventRounds "9"]
[EventCountry "FRA"]
[SourceTitle "EXT 2012"]
[Source "ChessBase"]
[SourceDate "2011.11.24"]
[SourceVersion "1"]
[SourceVersionDate "2011.11.24"]
[SourceQuality "1"]

1. e4 e6 2. d4 d5 3. e5 c5 4. c3 Qb6 5. Nf3 Nc6 6. a3 Nh6 7. b4 cxd4 8. cxd4 Nf5 9. Bb2 Bd7 10. g4 Nh6 11. h3 Be7 12. Nc3 0-0 13. Bd3 f6 14. exf6 Bxf6 15. Na4 Qd8 16. Nc5 Bc8 17. Qe2 Nf7 18. b5 Na5 19. h4 b6 20. Na4 Nd6 21. g5 Be7 22. Ne5 Ne4 23. Bxe4 dxe4 24. g6 h6 25. Qh5 Rf5 26. Qg4 Qd5 27. Nc3 Qb3 28. Qe2 Bb7 29. Rh3 Raf8 30. Nf7 Rc8 31. Rb1 Bxa3 32. Bxa3 Qxa3 33. Qe3 Rf3 34. Rxf3 exf3 35. Nxh6+ Kh8 36. Nf7+ Kg8 37. Nh6+ 1/2-1/2

[Event "FRA-ch op-B"]
[Site "Pau"]
[Date "2008.08.15"]
[Round "4"]
[White "Meley, Hector"]
[Black "Leroux, Mathieu"]
[Result "1-0"]
[WhiteElo "1912"]
[BlackElo "1970"]
[PlyCount "87"]
[EventDate "2008.08.11"]
[EventType "swiss"]
[EventRounds "11"]
[EventCountry "FRA"]
[SourceTitle "CBM 126 Extra"]
[Source "ChessBase"]
[SourceDate "2008.11.05"]
[SourceVersion "1"]
[SourceVersionDate "2008.11.05"]
[SourceQuality "1"]

1. d4 f5 2. Nf3 g6 3. g3 Bg7 4. Bg2 Nf6 5. 0-0 0-0 6. c4 d6 7. Nc3 Qe8 8. Re1 Qf7 9. Qb3 Ne4 10. Be3 Nxc3 11. bxc3 h6 12. Bc1 c6 13. Ba3 Nd7 14. e4 fxe4 15. Rxe4 Nf6 16. Re3 Rb8 17. Rae1 Re8 18. Qa4 Bf5 19. Qxa7 Ra8 20. Qxb7 Rxa3 21. Rxe7 Rxe7 22. Rxe7 Qf8 23. Nh4 Rxa2 24. Bxc6 Bh3 25. Re1 Kh7 26. Nxg6 Qc8 27. Qb1 Ra1 28. Qxa1 Qxc6 29. Nf4 Bf5 30. Qa2 Ne4 31. Nd5 Ng5 32. Re7 Qc8 33. Qa7 Qf8 34. f4 Nf3+ 35. Kg2 Nd2 36. Rf7 Be4+ 37. Kf2 Qh8 38. Qd7 Bxd5 39. Qf5+ Kg8 40. Qxd5 Ne4+ 41. Kf3 Nxc3 42. Qe6 Kh7 43. Qf5+ Kg8 44. Re7 1-0